| 000 | 00603nam a2200157 a 4500 | ||
|---|---|---|---|
| 020 | _a9711041243 | ||
| 040 | _cDLC | ||
| 082 | 0 | 0 | _a631 INT 1985 A052 Or. |
| 245 | 1 | 0 |
_aBiotechnology in international agricultural research : _bproceedings of the Inter-Center Seminar on International Agricultural Research Centers (IARCs) and Biotechnology, 23-27 April 1984. |
| 260 |
_aManila, Philippines : _bInternational Rice Research Institute, _c1985. |
||
| 300 |
_a435 p. : _bill. ; _c23 cm. |
||
| 650 | 0 | _aAgricultural biotechnology | |
| 650 | 0 | _aAgricultural biotechnology | |
| 650 | 0 | _aAgriculture | |
| 942 | _cEK | ||
| 999 |
_c14570 _d14570 |
||